000 00478nam a2200169Ia 4500
008 240729s9999 xx 000 0 und d
022 _a2291-9694
245 0 _aJMIR Medical Informatics
260 _aCanada
260 _bJMIR Publications
650 _a Computer applications to medicine. Medical informatics
650 _a Medicine (General)
650 _aMedicine
856 _uhttps://doaj.org/toc/dbcac5d04ebc4ba3b692dfcbe106a7ad
942 _2ddc
942 _cDOAJEJ
999 _c71820
_d71820
945 _a1
_bMadushi Gamage
_c1
_dMadushi Gamage